000 00689nam a2200241Ia 4500
003 OSt
005 20221005041050.0
006 a|||||r|||| 00| 0
007 ta
008 221004b |||||||| |||| 00| 0 eng d
024 _a68567
037 _cTextual
040 _aCRL
_cCRL
_beng
041 _2eng
_aeng
082 _aX:9:(Z2)z7, N0
100 _aSingh S N Ed.
245 0 _aLaw and social change
_b Essays on labour law and welfare research methodology and environmental protection
260 _aDelhi
_bP G Krishnan
_c1990
300 _a172p
_ccm.
650 _aECONOMICS
942 _hX:9:(Z2)z7, N0
_cTEXL
_2cc
999 _c947922
_d947922